| 000 | 00779cam a22002653a 4500 | ||
|---|---|---|---|
| 001 | 12368 | ||
| 003 | PGUSA | ||
| 005 | 20140828083248.0 | ||
| 008 | 040501s2004||||xxu|||||s|||||000 | eng d | ||
| 040 |
_aPGUSA _beng |
||
| 042 | _adc | ||
| 050 | 4 | _aPQ | |
| 050 | 4 | _aPC | |
| 100 | 1 |
_aGorostiza, Manuel Eduardo de, _d1789-1851 |
|
| 245 | 1 | 0 |
_aContigo Pan y Cebolla _h[electronic resource] / _cManuel Eduardo de Gorostiza |
| 260 |
_bProject Gutenberg, _c2004 |
||
| 500 | _aWith notes, exercises and vocabulary. | ||
| 506 | _aPublic domain in the USA. | ||
| 516 | _aElectronic text | ||
| 653 | _aSpanish language -- Readers | ||
| 700 | 1 |
_aMcGuire, Elizabeth, _d1879- |
|
| 830 | 0 |
_aProject Gutenberg _v12368 |
|
| 856 | 4 | 0 | _uhttp://www.gutenberg.org/ebooks/12368 |
| 942 | _cEB | ||
| 999 |
_c241623 _d241623 |
||